000 00611nam a22002057a 4500
003 OSt
005 20181211061602.0
008 181211b xxu||||| |||| 00| 0 spa d
020 _a987-1181-90-6
040 _cBiblioteca Ernesto Sábato
092 _a330.51
_bC421
_eJRR
100 _aCesarín, Sergio
245 _aChina se avecina.
_b El ying y yang de una potencia emergente
260 _aBuenos Aires
_bCapital Intelectual
_c2005
300 _a133 p
440 _aClaves para todos. Colección dirigida por José Nun
_n 57
650 _aCHINA-POTENCIA ECONOMICA
650 _a/JRR/
942 _2ddc
_cBJRR
999 _c33316
_d33316